• 首页
  • 本馆介绍
  • 公告通知
  • 最新文献
  • 馆藏检索
  • 电子资源
  • 读者导购
  • 参考咨询
  • 我的图书馆
  • 登录
  • 详细信息显示
  • 放入我的书架
  • 预约/预借图书
  • 作者相关作品
  • 分类相关作品
  • 丛书相关作品
  • 出版社相关作品

书目信息

  • 表格格式
  • 工作单格式
  • 卡片格式
题名:
女中医最爱汤粥茶
    
 
作者: 赵迎盼 主编 ;汉竹 编著
分册:  
出版信息: 南京   江苏凤凰科学技术出版社  2014
页数: 167页
开本: 24cm
丛书名:
单 册:
中图分类: TS972.122.2
科图分类:
主题词: 保健--汤菜--菜谱 , 保健--粥--食谱 , 保健--茶谱
电子资源:
ISBN: 978-7-5537-3679-2
000 00870nam0 2200265 450
001 2343643820
005 20231130120737.94
010    @a978-7-5537-3679-2@dCNY35.00
100    @a20141101d2014 em y0chiy50 ea
101 0  @achi
102    @aCN@b320000
105    @aa z 001yy
200 1  @a女中医最爱汤粥茶@Anv zhong yi zui ai tang zhou cha@f赵迎盼主编@g汉竹编著
210    @a南京@c江苏凤凰科学技术出版社@d2014
215    @a167页@c彩图@d24cm
300    @a汉竹·健康爱家系列
330    @a本书内容包括:应对女性六大难题、由内而外来美肌、固本培元抗衰老、辨证分型话减肥、轻松度过孕产期、补肝益肾强筋骨等。
606 0  @a保健@x汤菜@x菜谱
606 0  @a保健@x粥@x食谱
606 0  @a保健@x茶谱
690    @aTS972.122.2@v5
701  0 @a赵迎盼@Azhao ying pan@4主编
702  0 @a汉竹@Ahan zhu@4编著
801  0 @aCN@b山东中教@c20231126
905    @aBZT@dTS972.122.2@e3
    
    女中医最爱汤粥茶/赵迎盼主编/汉竹编著.-南京:江苏凤凰科学技术出版社,2014
    167页:彩图;24cm
    汉竹·健康爱家系列
    
    ISBN 978-7-5537-3679-2:CNY35.00
    本书内容包括:应对女性六大难题、由内而外来美肌、固本培元抗衰老、辨证分型话减肥、轻松度过孕产期、补肝益肾强筋骨等。
●
相关链接 在五车中查询图书 在当当中查询图书 在豆瓣中查询图书


正题名:女中医最爱汤粥茶     索取号:TS972.122.2/3         预约/预借

序号 登录号 条形码 馆藏地/架位号 状态 备注
1 2001233657   2001233657   中教(第二批第二书库)/山东中教(第二批)/1395/ [索取号:TS972.122.2/3] 在馆    
2 2001233658   2001233658   中教(第二批第二书库)/山东中教(第二批)/1395/ [索取号:TS972.122.2/3] 在馆    
3 2001233659   2001233659   中教(第二批第二书库)/山东中教(第二批)/1395/ [索取号:TS972.122.2/3] 在馆    
4 2001233660   2001233660   中教(第二批第二书库)/山东中教(第二批)/1395/ [索取号:TS972.122.2/3] 在馆    
5 2001233661   2001233661   中教(第二批第二书库)/山东中教(第二批)/1395/ [索取号:TS972.122.2/3] 在馆    
6 2001233662   2001233662   中教(第二批第二书库)/山东中教(第二批)/1395/ [索取号:TS972.122.2/3] 在馆    
7 2001233663   2001233663   中教(第二批第二书库)/山东中教(第二批)/1395/ [索取号:TS972.122.2/3] 在馆    
8 2001233664   2001233664   中教(第二批第二书库)/山东中教(第二批)/1395/ [索取号:TS972.122.2/3] 在馆    
9 2001233665   2001233665   中教(第二批第二书库)/山东中教(第二批)/1395/ [索取号:TS972.122.2/3] 在馆    
10 2001233666   2001233666   中教(第二批第二书库)/山东中教(第二批)/1395/ [索取号:TS972.122.2/3] 在馆    
11 2001233667   2001233667   中教(第二批第二书库)/山东中教(第二批)/1395/ [索取号:TS972.122.2/3] 在馆    
12 2001233668   2001233668   中教(第二批第二书库)/山东中教(第二批)/1395/ [索取号:TS972.122.2/3] 在馆    
13 2001233669   2001233669   中教(第二批第二书库)/山东中教(第二批)/1395/ [索取号:TS972.122.2/3] 在馆    
14 2001233670   2001233670   中教(第二批第二书库)/山东中教(第二批)/1395/ [索取号:TS972.122.2/3] 在馆    
15 2001233671   2001233671   中教(第二批第二书库)/山东中教(第二批)/1395/ [索取号:TS972.122.2/3] 在馆    
16 2001233672   2001233672   中教(第二批第二书库)/山东中教(第二批)/1395/ [索取号:TS972.122.2/3] 在馆    
17 2001233673   2001233673   中教(第二批第二书库)/山东中教(第二批)/1395/ [索取号:TS972.122.2/3] 在馆    
18 2001233674   2001233674   中教(第二批第二书库)/山东中教(第二批)/1395/ [索取号:TS972.122.2/3] 在馆    
19 2001233675   2001233675   中教(第二批第二书库)/山东中教(第二批)/1395/ [索取号:TS972.122.2/3] 在馆    
20 2001233676   2001233676   中教(第二批第二书库)/山东中教(第二批)/1395/ [索取号:TS972.122.2/3] 在馆    
21 2001233677   2001233677   中教(第二批第二书库)/山东中教(第二批)/1395/ [索取号:TS972.122.2/3] 在馆    
22 2001233678   2001233678   中教(第二批第二书库)/山东中教(第二批)/1395/ [索取号:TS972.122.2/3] 在馆    
23 2001233679   2001233679   中教(第二批第二书库)/山东中教(第二批)/1395/ [索取号:TS972.122.2/3] 在馆    
24 2001233680   2001233680   中教(第二批第二书库)/山东中教(第二批)/1395/ [索取号:TS972.122.2/3] 在馆    
25 2001233681   2001233681   中教(第二批第二书库)/山东中教(第二批)/1395/ [索取号:TS972.122.2/3] 在馆    
26 2001233682   2001233682   中教(第二批第二书库)/山东中教(第二批)/1395/ [索取号:TS972.122.2/3] 在馆    
27 2001233683   2001233683   中教(第二批第二书库)/山东中教(第二批)/1395/ [索取号:TS972.122.2/3] 在馆    
28 2001233684   2001233684   中教(第二批第二书库)/山东中教(第二批)/1395/ [索取号:TS972.122.2/3] 在馆    
29 2001233685   2001233685   中教(第二批第二书库)/山东中教(第二批)/1395/ [索取号:TS972.122.2/3] 在馆    
30 2001233686   2001233686   中教(第二批第二书库)/山东中教(第二批)/1395/ [索取号:TS972.122.2/3] 在馆    
山东省滨州职业学院图书馆 欢迎您!
大连网信软件有限公司© 版权所有